| 000 | 00733cam a22002054a 4500 | ||
|---|---|---|---|
| 020 | _a0072193662 | ||
| 040 | _cDLC | ||
| 082 | 0 | 0 | _a005 OSB 2001 A004 Or. |
| 245 | 0 | 0 |
_aJava 2 : _bexam 310-025 / |
| 260 |
_aNew York : _bOsborne/McGraw-HIll, _cc2001. |
||
| 300 |
_axviii, 460 p. : _bill. ; _c23 cm. + _e1 computer optical disc (4 3/4 in.). |
||
| 500 | _aIncludes index. | ||
| 650 | 0 | _aElectronic data processing personnel | |
| 650 | 0 | _aJava (Computer program language) | |
| 700 | 1 | _aGlass, Cindy. | |
| 856 | 4 | 2 | _uhttp://www.loc.gov/catdir/description/mh024/2001281199.html |
| 856 | 4 | 1 | _uhttp://www.loc.gov/catdir/toc/mh023/2001281199.html |
| 856 | 4 | 2 | _uhttp://www.loc.gov/catdir/enhancements/fy0707/2001281199-b.html |
| 942 | _cEK | ||
| 999 |
_c16392 _d16392 |
||